000 00626nam a2200169 i 4500
001 93587
003 ES-MaACL
005 20240218063022.0
007 t|
008 050414s1921 sp ||||1| spa d
100 1 _aCedillo, Jerónimo López de Ayala y Álvarez de Toledo,
_cConde de,
_d1862-1934
_937325
245 1 3 _aEl Cardenal Cisneros gobernador del reino /
_cEstudio histórico por el Excm. Sr. Jerónimo López de Ayala y Alvarez de Toledo, Conde de Cedillo.
260 _aMadrid :
_b[s.n.],
_c1942 (
_fIberica)
300 _a434 p. 5 lám. ;
_c23 cm.
852 _aES-MaACL
_jF-6851
999 _c93587
_d93587